| 000 | 00598nam a22001937a 4500 | ||
|---|---|---|---|
| 008 | 250210b |||||||| |||| 00| 0 eng d | ||
| 020 | _a9781292026039 | ||
| 040 |
_aKABU _cKABU |
||
| 050 |
_aQA76.73 _b.J38R63 |
||
| 100 | _aRoberts, Eric S. | ||
| 245 |
_aThe art and science of Java: _ban introduction to computer science / _cEric S. Roberts |
||
| 250 | _a1st ed. | ||
| 260 |
_aEdinburgh Gate: _bPearson, _c2014 |
||
| 300 |
_aii, 555p. _bill. ; |
||
| 500 | _aincludes index | ||
| 650 |
_aJava _xComputer program language |
||
| 650 |
_aObject-oriented methods _xcomputer source |
||
| 942 |
_2lcc _cBK |
||
| 999 |
_c20639 _d20638 |
||